La novela de la pampa /

Guardado en:
Autor Principal: Ghiraldo, Alberto
Formato: Libro
Publicado: Buenos Aires : Andes, s/f
Materias:
Etiquetas: Agregar Etiqueta
Sin Etiquetas, Sea el primero en etiquetar este registro!
LEADER 00539nam a22001935a 4500
001 CEM.cems002875
005 20101125121356.0
008 130507b######################000#0#####d
003 CEMS
082 0 4 |a A863.4 
100 1 |a Ghiraldo, Alberto 
245 1 0 |a La novela de la pampa /  |c Alberto Ghiraldo 
260 |a Buenos Aires :  |b Andes, s/f 
300 |a 254 p. 
653 |a Literatura 
653 |a Literatura argentina-siglo 20 
653 |a Novelas 
653 |a Novela argentina 
859 |a CEMS  |b BIB. CEMS - 11 de abril  |h A863.4  |i G345  |p 15237.88  |t Ej.1